BIBLIOTECA

SENCICO

Introducción a la fotointerpretación / (Registro nro. 501)

Detalles MARC
000 -LEADER
fixed length control field 01320nam a2200301Ia 4500
003 - CONTROL NUMBER IDENTIFIER
control field PE SENCICO BE
005 - DATE AND TIME OF LATEST TRANSACTION
control field 20251020182439.0
008 - FIXED-LENGTH DATA ELEMENTS--GENERAL INFORMATION
fixed length control field 200515s9999 xx 000 0 und d
020 ## - INTERNATIONAL STANDARD BOOK NUMBER
International Standard Book Number 84-344-3465-2
040 ## - CATALOGING SOURCE
Original cataloging agency PE SENCICO BE
Transcribing agency PE SENCICO BE
041 ## - LANGUAGE CODE
Language code of text/sound track or separate title spa
082 ## - DEWEY DECIMAL CLASSIFICATION NUMBER
Classification number 526.982
Item number F38
100 1# - MAIN ENTRY--PERSONAL NAME
Personal name Fernández García, Felipe
9 (RLIN) 3341
Relator term autor
245 10 - TITLE STATEMENT
Title Introducción a la fotointerpretación /
Statement of responsibility, etc. Felipe Fernández García
250 ## - EDITION STATEMENT
Edition statement 1a ed.
260 ## - PUBLICATION, DISTRIBUTION, ETC.
Place of publication, distribution, etc. Barcelona :
Name of publisher, distributor, etc. Ariel ;
Date of publication, distribution, etc. 2000
300 ## - PHYSICAL DESCRIPTION
Extent 253 páginas :
Other physical details ilustraciones, tablas, gráficos ;
Dimensions 24 cm.
490 ## - SERIES STATEMENT
Materials specified Ariel geografía
504 ## - BIBLIOGRAPHY, ETC. NOTE
Bibliography, etc. note Bibliografía: p. 251
505 0# - FORMATTED CONTENTS NOTE
Formatted contents note Historia de la fotografía aérea y de sus aplicaciones -- Las imágenes aéreas -- Las imágenes fotográficas -- Fotointerpretación: tareas y métodos -- La fotografía aérea y los análisis del paisaje - Estereogramas
520 3# - SUMMARY, ETC.
Summary, etc. Se abordan las técnicas por medio de las cuales es posible obtener información cualitativa y cuantitativa a partir de las fotografías aéreas que sea de utilidad para las disciplinas que utilicen tal técnica.
650 10 - SUBJECT ADDED ENTRY--TOPICAL TERM
Topical term or geographic name entry element Fotogrametría
9 (RLIN) 120
650 20 - SUBJECT ADDED ENTRY--TOPICAL TERM
Topical term or geographic name entry element Fotogrametría aérea
9 (RLIN) 414
650 20 - SUBJECT ADDED ENTRY--TOPICAL TERM
Topical term or geographic name entry element Historia
9 (RLIN) 707
650 20 - SUBJECT ADDED ENTRY--TOPICAL TERM
Topical term or geographic name entry element Fotointerpretación
9 (RLIN) 3342
650 20 - SUBJECT ADDED ENTRY--TOPICAL TERM
Topical term or geographic name entry element Estereogramas
9 (RLIN) 3343
942 ## - ADDED ENTRY ELEMENTS (KOHA)
Koha item type Libros
Source of classification or shelving scheme Dewey Decimal Classification
Existencias
Fecha de la última vez que lo usaron Número de ingreso o de inventario Pago total Signatura topográfica completa Código de barras Precio efectivo desde Tipo de documento Estado perdido Sistema de clasificación Estado dañado No es para préstamo Retirado Ubicación permanente Ubicación actual Fecha de adquisición
14/10/2025 11659   526.982/F38 BibLima25100042 14/10/2025 Libros   Dewey Decimal Classification       Biblioteca Central Lima Biblioteca Central Lima 14/10/2025